Biggest Cities That Aren't Capitals - Statistics

General Stats
  • This quiz has been taken 45 times
  • The average score is 14 of 16
Answer Stats
Country Capital City Biggest City % Correct
Unites States of America Washington D.C. New York
100%
Turkey Ankara Istanbul
97%
Brazil Brasilia Sao Paulo
97%
China Beijing Shanghai
97%
Australia Canberra Sydney
97%
Canada Ottawa Toronto
97%
South Africa Cape Town/ Pretoria/ Bloemfontein Johannesburg
95%
India New Delhi Mumbai
95%
Switzerland Bern Zurich
92%
New Zealand Wellington Auckland
90%
Morocco Rabat Casablanca
90%
Nigeria Abuja Lagos
90%
Pakistan Islamabad Karachi
87%
Vietnam Hanoi Ho Chi Minh City
77%
Kazakhstan Nur-Sultan Almaty
69%
Bolivia La Paz/ Sucre Santa Cruz de la Sierra
38%
No matching quizzes found
Score Distribution
Percent of People with Each Score
Percentile by Number Answered
Your Score History
You have not taken this quiz